000 00475nam a22001817a 4500
999 _c6965
_d6965
003 OSt
005 20210520125053.0
008 210520b ||||| |||| 00| 0 eng d
020 _a0713124459
040 _cDDC
082 _a636.082 DAL 1974
100 _aDalton, John B
_914282
245 _aAn Introduction to Animal Breeding
260 _aHill Sreet, Londan
_bEdward Anold
_c1974
300 _a76p.:
_bill;
_c18cm
650 _aAnimal Breeding.
_914283
942 _2ddc
_cBOOK